Achieve IELTS 2 : (Record no. 18325)
[ view plain ]
| 000 -LEADER | |
|---|---|
| fixed length control field | 01236cam a22003137a 4500 |
| 001 - CONTROL NUMBER | |
| control field | 17740474 |
| 003 - CONTROL NUMBER IDENTIFIER | |
| control field | EG-ScBUE |
| 005 - DATE AND TIME OF LATEST TRANSACTION | |
| control field | 20201125063850.0 |
| 008 - FIXED-LENGTH DATA ELEMENTS--GENERAL INFORMATION | |
| fixed length control field | 130516t2013 enka f 000 0 eng d |
| 020 ## - INTERNATIONAL STANDARD BOOK NUMBER | |
| International Standard Book Number | 9781133313878 (pbk. : student's book) |
| 040 ## - CATALOGING SOURCE | |
| Original cataloging agency | AU@ |
| Language of cataloging | eng |
| Description conventions | rda |
| Transcribing agency | AU@ |
| Modifying agency | EG-ScBUE |
| 082 04 - DEWEY DECIMAL CLASSIFICATION NUMBER | |
| Classification number | 428.34 |
| Item number | HAR |
| Edition number | 22 |
| 100 1# - MAIN ENTRY--PERSONAL NAME | |
| Personal name | Harrison, L. |
| Fuller form of name | (Louis) |
| Relator term | author. |
| 9 (RLIN) | 36014 |
| 245 10 - TITLE STATEMENT | |
| Title | Achieve IELTS 2 : |
| Remainder of title | English for International education : upper intermediate-advanced band 5.5-7 + CEFR B2-C1 : student's book / |
| Statement of responsibility, etc | Louis Harrison, Caroline Cushen, Susan Hutchinson. |
| 250 ## - EDITION STATEMENT | |
| Edition statement | Second edition. |
| 264 #1 - PUBLICATION, DISTRIBUTION, ETC. (IMPRINT) | |
| Place of publication, distribution, etc | Andover, Hampshire, United Kingdom : |
| Name of publisher, distributor, etc | Heinle/Cengage Learning : |
| -- | National Geographic Learning, |
| Date of publication, distribution, etc | [2013] |
| 264 #4 - PUBLICATION, DISTRIBUTION, ETC. (IMPRINT) | |
| Date of publication, distribution, etc | c 2013 |
| 300 ## - PHYSICAL DESCRIPTION | |
| Extent | 175 pages : |
| Other physical details | illustrations ; |
| Dimensions | 28 cm |
| 336 ## - CONTENT TYPE | |
| Source | rdacontent |
| Content type term | text |
| Content type code | txt |
| 337 ## - MEDIA TYPE | |
| Source | rdamedia |
| Media type term | unmediated |
| Media type code | n |
| 338 ## - CARRIER TYPE | |
| Source | rdacarrier |
| Carrier type term | volume |
| Carrier type code | nc |
| 590 ## - LOCAL NOTE (RLIN) | |
| Local note | shimaahisham |
| 650 #7 - SUBJECT ADDED ENTRY--TOPICAL TERM | |
| Topical term or geographic name as entry element | International English Language Testing System |
| Form subdivision | Study guides. |
| Source of heading or term | BUEsh |
| 9 (RLIN) | 36012 |
| 653 ## - INDEX TERM--UNCONTROLLED | |
| Arrived date list | June2014 |
| Resource For college | Humanities: English |
| 655 ## - INDEX TERM--GENRE/FORM | |
| Form subdivision | Reading book |
| 9 (RLIN) | 34232 |
| 700 1# - ADDED ENTRY--PERSONAL NAME | |
| Personal name | Cushen, Caroline, |
| Relator term | author. |
| 9 (RLIN) | 36019 |
| 700 1# - ADDED ENTRY--PERSONAL NAME | |
| Personal name | Hutchinson, Susan, |
| Relator term | author. |
| 9 (RLIN) | 36020 |
| 942 ## - ADDED ENTRY ELEMENTS (KOHA) | |
| Source of classification or shelving scheme | Dewey Decimal Classification |
| Call number prefix | 428.0076 HAR |
| Koha item type | Book - Borrowing |
| Withdrawn status | Lost status | Source of classification or shelving scheme | Damaged status | Not for loan | Collection code | Home library | Current library | Shelving location | Date acquired | Source of acquisition | Cost, normal purchase price | Serial Enumeration / chronology | Total Checkouts | Total Renewals | Full call number | Barcode | Date last seen | Date checked out | Cost, replacement price | Price effective from | Koha item type |
|---|---|---|---|---|---|---|---|---|---|---|---|---|---|---|---|---|---|---|---|---|---|
| Dewey Decimal Classification | Baccah | Central Library | Central Library | Second Floor | 29/06/2014 | Purchase | 258.00 | 19900 | 3 | 23 | 428.34 HAR | 000036026 | 11/06/2024 | 08/01/2017 | 322.50 | 29/06/2014 | Book - Borrowing |